A Frontharcosok dr. Somogyi Szilveszter temetésén zászlóval testületileg vesznek részt...

Elmentve itt :
Bibliográfiai részletek
Dokumentumtípus: Cikk
Megjelent: 1934-05-13
Sorozat:Délmagyarország 10 No. 107
Kulcsszavak:Somogyi Szilveszter, Temetés Szeged 1934
Online Access:http://dmarchiv.bibl.u-szeged.hu/39755
LEADER 00493nab a2200145 i 4500
001 delm39755
005 20180927130041.0
008 180927s1934 hu o 0|| hun d
040 |a SZTE Délmagyarország Archívum  |b hun 
041 |a hun 
245 0 2 |a A Frontharcosok dr. Somogyi Szilveszter temetésén zászlóval testületileg vesznek részt...  |h [elektronikus dokumentum] 
260 |c 1934-05-13 
300 |a 11 
490 0 |a Délmagyarország  |v 10 No. 107 
695 |a Somogyi Szilveszter, Temetés Szeged 1934